000 00626nam a2200229Ia 4500
005 20230628104300.0
008 131103s9999 xx 000 0 und d
020 _a310299306
040 _aLoreto College
041 _aEnglish
082 _a301.431
_bNAR
100 _aNarramore,Clyde
245 4 _aThe Psychology of counseling
_cClyde M.Narramore
260 _aPasadena
_bZondenran Publishing House
_c1981
300 _a303 p.
504 _aTwenty - ninth printing
630 _aCounseling
650 _aSocial Science
651 _aSocial Problem and Social Welfare in general
850 _aLCLIB
942 _cBK
999 _c13394
_d63873